10 Most Populous Cities in Wisconsin - Statistics

General Stats
  • This quiz has been taken 40 times
  • The average score is 8 of 10
Answer Stats
Population City % Correct
282,005 Madison
100%
556,111 Milwaukee
100%
105,235 Green Bay
94%
97,645 Kenosha
81%
65,987 Oshkosh
75%
70,886 Eau Claire
72%
74,390 Appleton
69%
76,238 Racine
69%
70,200 Waukesha
50%
66,246 Janesville
47%
No matching quizzes found
Score Distribution
Percent of People with Each Score
Percentile by Number Answered
Your Score History
You have not taken this quiz